LEADER 01372nam0-2200481---450- 001 990000063190203316 005 20000508 010 $a0-12-260490-3 035 $a0006319 035 $aUSA010006319 035 $a(ALEPH)000006319USA01 035 $a0006319 100 $a20000508d1999----|||y0itay0103----ba 101 0 $aEng 102 $aSU 105 $a||||||||001yy 200 1 $a3D modeling & surfacing$fBill Fleming 210 $aSan Diego [etc.]$cMorgan Kaufmann$dcopyr. 1999 215 $aXII, 340 p.$cill.$d24 cm.$e+ CD ROM 610 $aGrafica$aProgrammi per microelaboratori 676 $a006.6 700 1$aFLEMING,$bBill$0746021 801 $aIT$bSALBC$gISBD 912 $a990000063190203316 951 $a006.6 FLE$b14046 Ing$c006.6$d00000736 959 $aBK 969 $aTec 979 $c20000914$lUSA01$h1729 979 $c20001019$lUSA01$h1055 979 $c20001019$lUSA01$h1453 979 $c20001019$lUSA01$h1500 979 $c20001019$lUSA01$h1538 979 $c20001024$lUSA01$h1513 979 $c20001027$lUSA01$h1518 979 $c20001027$lUSA01$h1522 979 $c20001110$lUSA01$h1709 979 $c20001124$lUSA01$h1207 979 $c20020403$lUSA01$h1614 979 $aPATRY$b90$c20040406$lUSA01$h1605 996 $a3D modeling & surfacing$91488480 997 $aUNISA DB $aUSA01 SYS ID$a6319 LEADER 02400oas 2200901 a 450 001 9910145562603321 005 20251013154813.0 011 $a1911-3838 035 $a(OCoLC)233145442 035 $a(CONSER) 2010242266 035 $a(CKB)1000000000278795 035 $a(EXLCZ)991000000000278795 100 $a20070523a20079999 uy 101 0 $aeng 135 $aur|n||||||||| 181 $ctxt$2rdacontent 182 $cc$2rdamedia 183 $acr$2rdacarrier 200 10$aAccounting perspectives $ea journal of the Canadian Academic Accounting Association = Perspectives comptables : revue de l'Association canadienne des professeurs de comptabilite? 210 $aToronto $cCanadian Academic Accounting Association$d©2007- 210 3 $a[Malden, MA] $cWiley-Blackwell 215 $a1 online resource 300 $aRefereed/Peer-reviewed 311 08$a1911-382X 517 1 $aAP 517 1 $aPC 517 3 $aPerspectives comptables 606 $aAccounting$xResearch$vPeriodicals 606 $aAccounting$vPeriodicals 606 $aComptabilite?$xRecherche$vPe?riodiques 606 $aComptabilite?$vPe?riodiques 606 $aAccounting$2fast 606 $aAccounting$xResearch$2fast 606 $aComptabilitat$2thub 608 $aPeriodicals$2fast 608 $aPeriodicals.$2lcgft 608 $aRevistes electròniques.$2thub 615 0$aAccounting$xResearch 615 0$aAccounting 615 6$aComptabilite?$xRecherche 615 6$aComptabilite? 615 7$aAccounting 615 7$aAccounting$xResearch 615 7$aComptabilitat. 676 $a657/.05 686 $acoll29$2lacc 686 $acoll108$2lacc 712 02$aCanadian Academic Accounting Association, 801 0$bNUI 801 1$bNUI 801 2$bNTE 801 2$bMYG 801 2$bCGU 801 2$bUKMGB 801 2$bOCLCQ 801 2$bOCLCF 801 2$bSCB 801 2$bOCLCO 801 2$bOCLCQ 801 2$bNLE 801 2$bOCLCQ 801 2$bAU@ 801 2$bOCLCQ 801 2$bU3W 801 2$bNJT 801 2$bUBY 801 2$bOCLCO 801 2$bQGK 801 2$bOCLCQ 801 2$bUAB 801 2$bNLC 801 2$bSFB 801 2$bNLC 801 2$bOCLCL 906 $aJOURNAL 912 $a9910145562603321 996 $aAccounting perspectives$91938648 997 $aUNINA